Klíčová slova v mezinárodním obchodě Česko-anglický, německý, španělský, francouzský slovník
Česko-anglický, nemecký, španielsky a francúzsky slovník kľúčových slov výrazov a pojmov z oblasti medzinárodného obchodu. Slovník je spracovaný podľa publikácie "Klíčová slova v mezinárodním obchodě", ktorú vydáva PP Agency po dohode s Medzinárodnou obchodnou komorou v Paríži. Slovník obsahuje viac...
Uložené v:
| Médium: | Kapitola |
|---|---|
| Jazyk: | Czech |
| Predmet: | |
| Tagy: |
Žiadne tagy, Buďte prvý, kto otaguje tento záznam!
|
MARC
| LEADER | 00000naa a2200000 4500 | ||
|---|---|---|---|
| 001 | r023982 | ||
| 005 | 20221213082807.2 | ||
| 041 | 0 | |a cze | |
| 044 | |a CZ | ||
| 245 | 1 | 0 | |a Klíčová slova v mezinárodním obchodě |b Česko-anglický, německý, španělský, francouzský slovník |
| 520 | |a Česko-anglický, nemecký, španielsky a francúzsky slovník kľúčových slov výrazov a pojmov z oblasti medzinárodného obchodu. Slovník je spracovaný podľa publikácie "Klíčová slova v mezinárodním obchodě", ktorú vydáva PP Agency po dohode s Medzinárodnou obchodnou komorou v Paríži. Slovník obsahuje viac ako tisíc odborných výrazov a pojmov z medzinárodného obchodu, platobného styku, dopravy a i. | ||
| 610 | 2 | 0 | |a slovníky |
| 610 | 2 | 0 | |a pojmy |
| 610 | 2 | 0 | |a obchod medzinárodný |
| 610 | 2 | 0 | |a styk platobný |
| 610 | 2 | 0 | |a čeština |
| 610 | 2 | 0 | |a angličtina |
| 610 | 2 | 0 | |a nemčina |
| 610 | 2 | 0 | |a francúzština |
| 610 | 2 | 0 | |a španielčina |